Music Quiz

Random Music or Song Quiz
Score 0/32 Timer 10:00
0 Plays Today
Album Songs % Correct
So BluHit 'em Up Style (Oops!)
100%
BittersweetBreathe (Rap Version featuring Sean Paul)
83.3%
So BluWaste My Time (featuring L.O.)
33.3%
So BluTill I'm Gone
33.3%
So BluU Must B Crazy
33.3%
So BluThe One
33.3%
So BluI'll Find a Way
33.3%
So BluSwingin'
33.3%
So Blu10,000 Times
33.3%
So BluWhen I Needed You
33.3%
So BluAll You Had to Say
33.3%
So BluI Can't Believe
33.3%
So BluSo Blu
33.3%
So BluBlu Is a Mood
33.3%
BittersweetI Love You
33.3%
BittersweetSleep in the Middle
33.3%
Album Songs % Correct
BittersweetUnhappy
33.3%
BittersweetImpatient (featuring Lil' Kim and Fat Joe)
33.3%
BittersweetRisk It All
33.3%
BittersweetDon't Wanna Say Goodbye
33.3%
BittersweetHappily Ever After
33.3%
BittersweetHolding on to Love
33.3%
BittersweetLet Her Go
33.3%
BittersweetMake Me Wanna Scream (featuring Ian Lewis of Inner Circle)
33.3%
BittersweetNo Place Like Home
33.3%
Non Album Singles, B-Sides, Collaborations and Compilation TracksIt's Killing Me (In My Mind) (From The Bad Company Soundtrack)
33.3%
Non Album Singles, B-Sides, Collaborations and Compilation TracksU Remind Me (Remix) (with Usher and Method Man) (From Usher You Got It Bad)
33.3%
Non Album Singles, B-Sides, Collaborations and Compilation TracksCome My Way (with Chauncey Black)
33.3%
Non Album Singles, B-Sides, Collaborations and Compilation TracksRound Up (Lady May featuring Blu Cantrell)
33.3%
Non Album Singles, B-Sides, Collaborations and Compilation TracksTake My Heart (with Kool & the Gang) (From Kool & The Gang - The Hits :Reloaded)
33.3%
Non Album Singles, B-Sides, Collaborations and Compilation TracksThey Must Not Know (with RAW & Anonymous) (From RAW & Anonymous - Worth The Weight)
33.3%
Non Album Singles, B-Sides, Collaborations and Compilation TracksFeeling Good (with RAW & Anonymous) (From RAW & Anonymous - Worth The Weight)
33.3%
Remove Ads.
Support Sporcle.
Get the best of Sporcle when you Go Orange. This ad-free experience offers more features, more stats, and more fun while also helping to support Sporcle. Thank you for becoming a member.

You're not logged in!

Compare scores with friends on all Sporcle quizzes.
OR
Log In

Show Comments

Extras

Created Jul 5, 2012SourceReportNominate
Tags:Album Quiz, Song Quiz, blu

Top Quizzes Today


Score Distribution

Your Account Isn't Verified!

In order to create a playlist on Sporcle, you need to verify the email address you used during registration. Go to your Sporcle Settings to finish the process.

Report this User

Report this user for behavior that violates our Community Guidelines.

Details: